000 00712cam a22002651 4500
001 sa 68015590
003 DLC
005 20260227112644.0
008 890417m19649999ii ach b 000 0 urdr
010 _asa 68015590
035 _a(OCoLC)19561671
040 _aDLC
_cWaU
_dDLC
042 _apremarc
043 _aa-ii---
050 0 0 _aPN5374
_b.S18
100 1 _aṢābrī, Imdād,
_d1914-
245 1 0 _aTārīk̲h̲-i ṣaḥāfat-i Urdū.
260 _c[1964- ; v. 1, 1967]
300 _av.
_billus., facsims, ports.
_c19 cm.
500 _aIn Urdu.
504 _aIncludes bibliographies.
600 1 0 _aṢābrī, Imdād,
_d1914-
650 0 _aJournalism
_zIndia.
700 1 _aSharmā, Harsarūp.
999 _c86542
_d86542